Cuban American theater /

Сохранить в:
Библиографические подробности
Главный автор: Cortina, Rodolfo J.
Формат: Неизвестно
Язык:English
Опубликовано: Houston : Arte Publico Press, 1991.
Предметы:
Метки: Добавить метку
Нет меток, Требуется 1-ая метка записи!

MARC

LEADER 000000000a22000000004500
001 014247
020 |a 1558850201 
041 0 |a eng 
082 0 4 |a 812.540   |b C992c 
100 1 |a Cortina, Rodolfo J. 
245 1 0 |a Cuban American theater /   |c Rodolfo J. Cortina. 
260 1 |a Houston :   |b Arte Publico Press,   |c 1991. 
300 |a 280 páginas ;   |c 22 cm. 
650 4 |a DRAMA AMERICANO 
650 4 |a TEATRO CUBANO 
500 |a Colección George Yúdice 
999 |c 20141  |d 20141 
942 |c BK  |h 812.540 C992c  |2 z